Great Film Themes From Many Lands (Lp Pfs 4021) (Record n. 99985)

Dettagli MARC
000 -LEADER
fixed length control field 02858njm a2200481Ia 4500
001 - CONTROL NUMBER
control field 23839
003 - CONTROL NUMBER IDENTIFIER
control field IT-RoPAU
005 - DATE AND TIME OF LATEST TRANSACTION
control field 20220918181123.0
008 - FIXED-LENGTH DATA ELEMENTS--GENERAL INFORMATION
fixed length control field 131025s9999 xx 000 0 und d
040 ## - CATALOGING SOURCE
Original cataloging agency IT-RoPAU
040 ## - CATALOGING SOURCE
Transcribing agency IT-RoPAU
999 ## - SYSTEM CONTROL NUMBERS (KOHA)
Koha Dewey Subclass [OBSOLETE] n.d.
100 ## - MAIN ENTRY--PERSONAL NAME
Personal name AA.VV.
9 (RLIN) 794
100 ## - MAIN ENTRY--PERSONAL NAME
Relator term Autore musica
9 (RLIN) 6480
100 ## - MAIN ENTRY--PERSONAL NAME
Miscellaneous information Codice autore musica SPICS: 12000
9 (RLIN) 796
245 ## - TITLE STATEMENT
Title Great Film Themes From Many Lands (Lp Pfs 4021)
250 ## - EDITION STATEMENT
Edition statement 1a ed.
260 ## - PUBLICATION, DISTRIBUTION, ETC. (IMPRINT)
Place of publication, distribution, etc. LONDON
260 ## - PUBLICATION, DISTRIBUTION, ETC. (IMPRINT)
Name of publisher, distributor, etc. DECCA RECORD COMPANY
Date of publication, distribution, etc. 1962 [1a Ed.:1962]
300 ## - PHYSICAL DESCRIPTION
Extent DISCO
500 ## - GENERAL NOTE
General note Musica da film. Colonna sonora di grandi film.
505 ## - FORMATTED CONTENTS NOTE
Formatted contents note La dolce vita - La strada - Ronde de l'amour (Love's Round About) - Forbidden Games - Theme From Black Orpheus (Carnival) - Never On Sunday - Theme From Saturday Night and Sunday - Adieu tristesse - Anna - Nadia's Theme - Scotland the Brave - The Rising of the Moon
650 ## - SUBJECT ADDED ENTRY--TOPICAL TERM
Topical term or geographic name as entry element COLONNE SONORE [DISCHI]
Relator term Codice MATERIA SPICS: 9950
9 (RLIN) 1905
700 ## - ADDED ENTRY--PERSONAL NAME
Personal name Rota Nino
Dates associated with a name Codice autore musica SPICS: 11128
Relator term Autore musica
Name of part/section of a work La dolce vita - La strada - Nadia's Theme
9 (RLIN) 6481
700 ## - ADDED ENTRY--PERSONAL NAME
Personal name Verde
Dates associated with a name Codice autore SPICS: 14028
Relator term Autore
Name of part/section of a work La dolce vita
9 (RLIN) 6482
700 ## - ADDED ENTRY--PERSONAL NAME
Personal name Vandyke
Dates associated with a name Codice autore testo/musica SPICS: 25274
Relator term Autore testo/musica
Name of part/section of a work La dolce vita
9 (RLIN) 6483
700 ## - ADDED ENTRY--PERSONAL NAME
Personal name Galdieri Michele
Dates associated with a name Codice autore SPICS: 13370
Relator term Autore
Name of part/section of a work La strada
9 (RLIN) 6484
700 ## - ADDED ENTRY--PERSONAL NAME
Personal name Strauss Johann Jr.
Dates associated with a name Codice autore musica SPICS: 11164
Relator term Autore musica
Name of part/section of a work Ronde de l'amour (Love's Round About)
9 (RLIN) 6485
700 ## - ADDED ENTRY--PERSONAL NAME
Personal name Purrell
Dates associated with a name Codice autore SPICS: 25275
Relator term Autore
Name of part/section of a work Ronde de l'amour (Love's Round About)
9 (RLIN) 6486
700 ## - ADDED ENTRY--PERSONAL NAME
Personal name Ducreux
Dates associated with a name Codice autore testo/musica SPICS: 25276
Relator term Autore testo/musica
Name of part/section of a work Ronde de l'amour (Love's Round About)
9 (RLIN) 6487
700 ## - ADDED ENTRY--PERSONAL NAME
Personal name Gomez
Dates associated with a name Codice autore musica SPICS: 13933
Relator term Autore musica
Name of part/section of a work Forbidden Games
9 (RLIN) 6488
700 ## - ADDED ENTRY--PERSONAL NAME
Personal name Bonfa
Dates associated with a name Codice autore musica SPICS: 13934
Relator term Autore musica
Name of part/section of a work Theme From Black Orpheus (Carnival)
9 (RLIN) 6489
700 ## - ADDED ENTRY--PERSONAL NAME
Personal name Hadjidakis
Dates associated with a name Codice autore musica SPICS: 13935
Relator term Autore musica
Name of part/section of a work Never On Sunday
9 (RLIN) 6490
700 ## - ADDED ENTRY--PERSONAL NAME
Personal name Towne
Dates associated with a name Codice autore SPICS: 16000
Relator term Autore
Name of part/section of a work Never On Sunday
9 (RLIN) 6491
700 ## - ADDED ENTRY--PERSONAL NAME
Personal name Dankworth
Dates associated with a name Codice autore musica SPICS: 13936
Relator term Autore musica
Name of part/section of a work Theme From Saturday Night and Sunday
9 (RLIN) 6492
700 ## - ADDED ENTRY--PERSONAL NAME
Personal name Jobim
Dates associated with a name Codice autore musica SPICS: 13937
Relator term Autore musica
Name of part/section of a work Adieu tristesse
9 (RLIN) 6493
700 ## - ADDED ENTRY--PERSONAL NAME
Personal name Roman R.
Dates associated with a name Codice autore musica SPICS: 13938
Relator term Autore musica
Name of part/section of a work Anna
9 (RLIN) 6494
700 ## - ADDED ENTRY--PERSONAL NAME
Personal name Godfrey John F.
Dates associated with a name Codice autore SPICS: 14659
Relator term Autore
Name of part/section of a work Anna
9 (RLIN) 6495
700 ## - ADDED ENTRY--PERSONAL NAME
Personal name Engvick William
Dates associated with a name Codice autore testo/musica SPICS: 15849
Relator term Autore testo/musica
Name of part/section of a work Anna
9 (RLIN) 6496
700 ## - ADDED ENTRY--PERSONAL NAME
Personal name Anonimo
Dates associated with a name Codice autore musica SPICS: 2620
Relator term Autore musica
Name of part/section of a work Scotland the Brave - The Rising of the Moon
9 (RLIN) 6497
700 ## - ADDED ENTRY--PERSONAL NAME
Personal name International Pop All Stars
Dates associated with a name Codice interprete SPICS: 13922
Relator term Interprete
9 (RLIN) 6498
942 ## - ADDED ENTRY ELEMENTS (KOHA)
Koha item type DISCHI
Source of classification or shelving scheme Dewey Decimal Classification
Dati di copia
Withdrawn status Lost status Damaged status Not for loan Home library Current library Date acquired Total Checkouts Full call number Date last seen Price effective from Koha item type Public note
    Buone Condizioni Not For Loan SPICS-MEDIATECA SPICS-MEDIATECA 25/10/2013   23839 25/10/2013 25/10/2013 DISCHI Progr. Ins.: 4686 / N.Vol.: 1 / Copie: 1 - Copia rara: n.d. / date import: 01.01.2014 - By Epidotti, Trombetti, Vaglietti
CREDITS: SOCIETA' SAN PAOLO Via A.Severo, 58 - ROMA (RM) & PERIODICI SAN PAOLO SRL Via Giotto, 36 MILANO & CISF Via Giotto, 36 MILANO & EDIZIONI SAN PAOLO SRL,  Piazza Soncino, 5 CINISELLO BALSAMO (MI) -- ITALY